مكتبة جامعة عجلون الوطنية

فهرس بحث المكتبة

Normal view MARC view
  • Kashmiri, Fadlur Rahman , Translated & Abridged by: Khola Hasan, Foreword by: Suhaib Hasan

Entry Personal Name

Number of records used in: 1

001 - CONTROL NUMBER

  • control field: 3643

003 - CONTROL NUMBER IDENTIFIER

  • control field: JO-AjAnu

005 - DATE AND TIME OF LATEST TRANSACTION

  • control field: 20230606070911.0

008 - FIXED-LENGTH DATA ELEMENTS

  • fixed length control field: 230606|| aca||aabn | a|a d

040 ## - CATALOGING SOURCE

  • Original cataloging agency: JO-AjAnu
  • Transcribing agency: JO-AjAnu

100 ## - HEADING--PERSONAL NAME

  • Personal name: Kashmiri, Fadlur Rahman , Translated & Abridged by: Khola Hasan, Foreword by: Suhaib Hasan

670 ## - SOURCE DATA FOUND

  • Source citation: Work cat.: (JO-AjAnu)1900: Kashmiri, Fadlur Rahman , Translated & Abridged by: Khola Hasan, Foreword by: Suhaib Hasan, author, The Many Shades of Shirk=الشرك وأنواعه